Cuestiones relativas al Antiguo Testamento / (Record no. 86259)

MARC details
000 -LEADER
campo de control de longitud fija 01240nam a2200301 i 4500
001 - NÚMERO DE CONTROL
campo de control 86259
003 - IDENTIFICADOR DE NÚMERO DE CONTROL
campo de control ES-MaACL
005 - FECHA Y HORA DE LA ÚLTIMA TRANSACCIÓN
campo de control 20250821063032.0
007 - CAMPO FIJO DE DESCRIPCIÓN FÍSICA--INFORMACIÓN GENERAL
campo de control de longitud fija t|
008 - DATOS DE LONGITUD FIJA--INFORMACIÓN GENERAL
campo de control de longitud fija 040326s2004 sp ||||1| spa d
020 ## - NÚMERO INTERNACIONAL ESTÁNDAR DEL LIBRO
Número Internacional Estándar del Libro 84-7914-712-1
080 ## - NÚMERO DE LA CLASIFICACIÓN DECIMAL UNIVERSAL
Número de la Clasificación Decimal Universal 222/224.07
100 0# - ENTRADA PRINCIPAL--NOMBRE DE PERSONA
Nombre de persona Jerónimo,
Títulos y otros términos asociados al nombre Santo
9 (RLIN) 66343
245 10 - MENCIÓN DEL TÍTULO
Título Cuestiones relativas al Antiguo Testamento /
Mención de responsabilidad, etc. San Jerónimo ; introducción, traducción y notas Rosa María Herrera García.
250 ## - MENCION DE EDICION
Mención de edición Ed. bilingüe.
260 ## - PUBLICACIÓN, DISTRIBUCIÓN, ETC.
Lugar de publicación, distribución, etc. Madrid :
Nombre del editor, distribuidor, etc. Biblioteca de Autores Cristianos,
Fecha de publicación, distribución, etc. 2004.
300 ## - DESCRIPCIÓN FÍSICA
Extensión XXVII, 607 p. ;
Dimensiones 20 cm.
490 1# - MENCIÓN DE SERIE
Mención de serie Biblioteca de autores cristianos ;
Designación de volumen o secuencia 644
490 1# - MENCIÓN DE SERIE
Mención de serie Obras completas de San Jerónimo ;
Designación de volumen o secuencia 4
500 ## - NOTA GENERAL
Nota general Texto en latín y traducción en español.
505 8# - NOTA DE CONTENIDO CON FORMATO
Nota de contenido con formato Contiene: Cuestiones hebreas sobre el Génesis ; Libro de la interpretación de los nombres hebreos ; Fragmentos selectos del Salterio ; Comentario al Eclesiastés
630 04 - PUNTO DE ACCESO ADICIONAL DE MATERIA--TÍTULO UNIFORME
Título uniforme Biblia.
Nombre de parte o sección de la obra A. T.-
Subdivisión general Comentarios
9 (RLIN) 119249
700 1# - ENTRADA AGREGADA--NOMBRE PERSONAL
Nombre de persona Herrera García, Rosa María.
9 (RLIN) 63221
830 00 - PUNTO DE ACCESO ADICIONAL DE SERIE-TÍTULO UNIFORME
Título uniforme Biblioteca de autores cristianos
Designación de volumen o secuencia 644
9 (RLIN) 178679
830 0# - PUNTO DE ACCESO ADICIONAL DE SERIE-TÍTULO UNIFORME
Título uniforme Obras completas de San Jerónimo ;
Designación de volumen o secuencia 4
9 (RLIN) 183043
852 ## - LOCALIZACIÓN
Ubicación ES-MaACL
Número de control de estantería J-631
Sublocalización o colección R.134847
Holdings
Estatus retirado Estado de pérdida Estado de daño No para préstamo Biblioteca de origen Biblioteca actual Ubicación en estantería Fecha de adquisición Fuente de adquisición Total de préstamos Signatura topográfica completa Código de barras Visto por última vez Precio de reemplazo Tipo de ítem Koha
        Biblioteca del Ateneo de Madrid Biblioteca del Ateneo de Madrid Depósito 2 17/01/2008     J-631 1090128 23/02/2023 23/02/2023 Libro impreso